00289nam a2200109Ia 4500008004100000082000900041100002300050245002700073260002500100630002700125730002700152100328s9999 xx 000 0 und d b1977 aIsherwood Margaret aThe Root Of The Matter bVictor Gollancz Ltd. aThe Root Of The Matter aThe Root Of The Matter